000 00727cam a2200193 i 4500
005 20251228101846.0
008 250721s1999 ua gr 000 0 ara d
020 _a9775819172
082 1 4 _a218.62
_bن ج ي
100 1 _aبك نجيب، مصطفى
_eمؤلف.
245 1 0 _aحماة الإسلام /
_cتأليف المرحوم مصطفى بك نجيب ؛ تقديم وتعليق الدكتور محمد زينهم محمد عزب.
264 3 1 _aالقاهرة :
_bمكتبة و مطبعة الغد،
_c1999.
300 _aالجزء الأول.
650 1 7 _aالصحوة الإسلامية.
650 1 7 _aالإسلام.
650 1 7 _aدفاع المطاعن.
942 _2ddc
_cBK
999 _c89264
_d89264